Leyendo Comics. Una guía introductoria al lenguaje de la historieta.
I tiakina i:
| Kaituhi matua: | |
|---|---|
| Hōputu: | Pukapuka |
| Reo: | Pāniora |
| I whakaputaina: |
Santiago, Chile:
Ediciones Ojos de Buey,
2001.
|
| Putanga: | 1a. edición. |
| Ngā marau: | |
| Ngā Tūtohu: |
Tāpirihia he Tūtohu
Kāore He Tūtohu, Me noho koe te mea tuatahi ki te tūtohu i tēnei pūkete!
|
MARC
| LEADER | 00000nam a22000007a 4500 | ||
|---|---|---|---|
| 003 | CL-VaPUC | ||
| 005 | 20250407202448.0 | ||
| 008 | 250317t2001 ||||| |||| 00| 0 spa d | ||
| 999 | |c 447367 |d 447365 | ||
| 040 | |c Pontificia Universidad Católica de Valparaíso | ||
| 082 | |2 22 |a 741.53 JAC 2001 | ||
| 100 | |9 570203 |a Jacobsen, Udo |e autor |e cubierta |e diagramación | ||
| 245 | |a Leyendo Comics. |b Una guía introductoria al lenguaje de la historieta. | ||
| 250 | |a 1a. edición. | ||
| 260 | |a Santiago, Chile: |b Ediciones Ojos de Buey, |c 2001. | ||
| 300 | |a 107 páginas: |b ilustraciones. | ||
| 500 | |a c.1-2: Instituto Arcos. 08-01-2025 | ||
| 583 | |c 20250317 |k Yessy Sthefany Diaz Vidal | ||
| 650 | 0 | |9 308802 |a Historietas, tiras cómicas, etc. |x Lenguaje y estructura |y Siglo 20 | |
| 650 | 0 | |9 369534 |a Cómics |v Historia y crítica |y Siglo 20 | |
| 942 | |2 ddc |c BK |n 0 | ||
| 952 | |0 0 |1 0 |2 ddc |4 0 |6 741_530000000000000_JAC_2001 |7 0 |8 A |9 601315 |a BIBINC |b BIBINC |d 2025-03-17 |e Instituto Arcos |i 5666049 |o 741.53 JAC 2001 |p 5666049 |r 2025-03-17 |t 1 |w 2025-03-17 |y BK |k IFP | ||
| 952 | |0 0 |1 0 |2 ddc |4 0 |6 741_530000000000000_JAC_2001 |7 0 |8 A |9 601382 |a BIBINC |b BIBINC |d 2025-03-17 |e Instituto Arcos |i 5666246 |o 741.53 JAC 2001 |p 5666246 |r 2025-03-17 |t 2 |w 2025-03-17 |y BK |k IFP | ||